|
|
|
|
| LEADER |
00000cam a2200000 i 4500 |
| 001 |
1/70282 |
| 008 |
960716s1986 gre d |
| 035 |
|
|
|a 1987
|c Αγορά
|l 10030599
|
| 040 |
|
|
|a GR-MY-UA
|b gre
|e aacr
|
| 041 |
0 |
|
|a gre
|
| 082 |
0 |
|
|a 372.6
|
| 245 |
0 |
2 |
|a Η γλώσσα μου :
|b τρίτη τάξη /
|c Διονύσης Μελάς ... [κ.ά.]
|
| 260 |
|
|
|a Αθήνα :
|b Ο.Ε.Δ.Β.,
|c 1986
|
| 300 |
|
|
|a 4 τ.
|
| 500 |
|
|
|a Ανω του τίτλου: Υπουργείο Εθνικής Παιδείας και Θρησκευμάτων. Παιδαγωγικό Ινστιτούτο
|
| 650 |
0 |
0 |
|a Greek language, Modern
|x Study and teaching (Elemenatry)
|z Greece.
|
| 700 |
1 |
|
|a Μελάς, Διονύσης Δ.
|
| 852 |
|
|
|a INST
|b RHODES
|e 19960716
|h 372.6 ΓΛΩ
|p 005400002752
|q 005400002752
|t BK
|y 0
|z τ.1
|
| 852 |
|
|
|a INST
|b RHODES
|e 19960716
|h 372.6 ΓΛΩ
|p 005400002753
|q 005400002753
|t BK
|y 0
|z τ.2
|
| 852 |
|
|
|a INST
|b RHODES
|e 19960716
|h 372.6 ΓΛΩ
|p 005400002754
|q 005400002754
|t BK
|y 0
|z τ.3
|
| 852 |
|
|
|a INST
|b RHODES
|e 19960716
|h 372.6 ΓΛΩ
|p 005400002755
|q 005400002755
|t BK
|y 0
|z τ.4
|
| 852 |
|
|
|a INST
|b RHODES
|e 19960716
|h 372.6 ΓΛΩ
|p 005400002752
|q 005400002752
|t BK
|v τ.1:
|y 0
|z τ.1
|
| 852 |
|
|
|a INST
|b RHODES
|e 19960716
|h 372.6 ΓΛΩ
|p 005400002753
|q 005400002753
|t BK
|v τ.2:
|y 0
|z τ.2
|
| 852 |
|
|
|a INST
|b RHODES
|e 19960716
|h 372.6 ΓΛΩ
|p 005400002754
|q 005400002754
|t BK
|v τ.3:
|y 0
|z τ.3
|
| 852 |
|
|
|a INST
|b RHODES
|e 19960716
|h 372.6 ΓΛΩ
|p 005400002755
|q 005400002755
|t BK
|v τ.4:
|y 0
|z τ.4
|
| 853 |
|
|
|a INST
|b RHODES
|h 372.6 ΓΛΩ
|